[Event "ENCI Limburg-open C"]
[Site "Maastricht"]
[Date "2012.05.27"]
[Round "4"]
[White "Geene, Patrick"]
[Black "De Boer, Guus"]
[Result "0-1"]
[WhiteElo "1511"]
[BlackElo "1647"]
[PlyCount "100"]
[EventDate "2012.05.25"]
[EventType "swiss"]
[EventRounds "7"]
[EventCountry "NED"]
[Source "P.Boonen"]
[SourceDate "2013.01.01"]

1. e4 e6 2. Nc3 d5 3. exd5 exd5 4. d4 Nf6 5. Bf4 c6 6. a3 Be7 7. Nf3 Bg4 8. Be2
O-O 9. h3 Bh5 10. O-O Nbd7 11. Ne5 Bxe2 12. Qxe2 Re8 13. Rfe1 Bd6 14. Qf3 Qc7
15. Nxd7 Nxd7 16. Bxd6 Qxd6 17. Re2 Re7 18. Rae1 Rae8 19. Nd1 Nf6 20. Ne3 Qd7
21. Ng4 Ne4 22. Ne3 Re6 23. Qg4 Qd8 24. Nf5 Rg6 25. Qf4 Rge6 26. f3 Ng5 27.
Rxe6 Nxe6 28. Qg4 Qf6 29. Re5 g6 30. Nd6 Re7 31. c3 Kh8 32. h4 h5 33. Qg3 Rd7
34. Nc8 Rd8 35. Nxa7 Ra8 36. Nxc6 bxc6 37. Re2 Qf4 38. Qf2 Rb8 39. g3 Qc1+ 40.
Kg2 Kg7 41. Rc2 Qb1 42. Qe2 Kf8 43. Rd2 Qf5 44. a4 g5 45. hxg5 Qxg5 46. Kh2 h4
47. g4 Qf4+ 48. Kg1 Ng5 49. Rd3 Re8 50. Qf2 Nh3+ 0-1

[Event "ENCI Limburg-open C"]
[Site "Maastricht"]
[Date "2012.05.27"]
[Round "4"]
[White "Gerlagh, Reyer"]
[Black "Dijkhuis, Oele"]
[Result "1-0"]
[WhiteElo "1327"]
[BlackElo "988"]
[PlyCount "67"]
[EventDate "2012.05.25"]
[EventType "swiss"]
[EventRounds "7"]
[EventCountry "NED"]
[Source "P.Boonen"]
[SourceDate "2013.01.01"]

1. d4 Nf6 2. Nf3 g6 3. Bf4 Bg7 4. Nc3 O-O 5. Qd2 d5 6. h3 Bf5 7. Nh4 Be4 8. f3
e6 9. fxe4 Nxe4 10. Nxe4 dxe4 11. g3 Bxd4 12. O-O-O Bf6 13. Qxd8 Bxd8 14. Ng2
g5 15. Be5 f6 16. Bc3 Nc6 17. e3 Be7 18. Be2 Bd6 19. g4 f5 20. Bc4 Rae8 21.
gxf5 Rxf5 22. Rhf1 Rc5 23. Be2 Ne5 24. Bxe5 Bxe5 25. h4 gxh4 26. Nxh4 Ra5 27.
Kb1 Ra4 28. Rg1+ Bg7 29. b3 Ra5 30. Rd7 Re5 31. Rgxg7+ Kh8 32. Rxh7+ Kg8 33.
Rhg7+ Kh8 34. Ng6# 1-0

[Event "ENCI Limburg-open C"]
[Site "Maastricht"]
[Date "2012.05.27"]
[Round "4"]
[White "Godding, Mick"]
[Black "Rosenbrand, Stefan"]
[Result "1-0"]
[WhiteElo "1636"]
[BlackElo "1381"]
[PlyCount "47"]
[EventDate "2012.05.25"]
[EventType "swiss"]
[EventRounds "7"]
[EventCountry "NED"]
[Source "P.Boonen"]
[SourceDate "2013.01.01"]

1. e4 c5 2. c3 d5 3. exd5 Qxd5 4. d4 Nf6 5. Nf3 Nc6 6. Be2 e6 7. O-O Be7 8. Be3
O-O 9. c4 Qd8 10. Nc3 cxd4 11. Nxd4 Ne5 12. h3 Qc7 13. Ncb5 Qd8 14. Nf3 Nxf3+
15. Bxf3 a6 16. Qxd8 Bxd8 17. Nd6 Bc7 18. Nxc8 Raxc8 19. Bxb7 Rb8 20. Bxa6 Rxb2
21. Bb5 Be5 22. a4 Ra8 23. Rad1 Ne4 24. Bc6 1-0

[Event "ENCI Limburg-open C"]
[Site "Maastricht"]
[Date "2012.05.27"]
[Round "4"]
[White "Heuts, Guido"]
[Black "Warmerdam, Max"]
[Result "0-1"]
[WhiteElo "1374"]
[BlackElo "1648"]
[PlyCount "64"]
[EventDate "2012.05.25"]
[EventType "swiss"]
[EventRounds "7"]
[EventCountry "NED"]
[Source "P.Boonen"]
[SourceDate "2013.01.01"]

1. d4 Nf6 2. Nc3 e6 3. e4 d5 4. e5 Nfd7 5. Nf3 c5 6. Be3 Qb6 7. b3 Nc6 8. dxc5
Bxc5 9. Bxc5 Qxc5 10. Na4 Qa5+ 11. c3 b5 12. b4 Qxa4 13. Qxa4 bxa4 14. Bb5 Bb7
15. Bxa4 Ke7 16. O-O Ncxe5 17. Nd4 Rhc8 18. f4 Nc4 19. Rf2 a5 20. Bxd7 Kxd7 21.
f5 e5 22. Nc2 f6 23. a4 Nb6 24. Ra3 axb4 25. cxb4 Rxa4 26. Re3 d4 27. Rd3 Be4
28. Rdd2 Nc4 29. Rde2 Bxc2 30. Rxc2 Ra1+ 31. Rf1 Rxf1+ 32. Kxf1 Ne3+ 0-1

[Event "ENCI Limburg-open C"]
[Site "Maastricht"]
[Date "2012.05.27"]
[Round "4"]
[White "Hong, Jeffrey"]
[Black "Arns, Danny"]
[Result "1/2-1/2"]
[WhiteElo "1119"]
[BlackElo "1530"]
[PlyCount "56"]
[EventDate "2012.05.25"]
[EventType "swiss"]
[EventRounds "7"]
[EventCountry "NED"]
[Source "P.Boonen"]
[SourceDate "2013.01.01"]

1. c4 e5 2. d3 Bc5 3. g3 c6 4. a3 Ne7 5. e3 O-O 6. Bg2 d5 7. b4 Bb6 8. c5 Bc7
9. Ne2 Be6 10. O-O Ng6 11. h4 f5 12. d4 Qf6 13. Bb2 Nd7 14. dxe5 Bxe5 15. Bxe5
Ndxe5 16. Nd4 Rae8 17. Nxe6 Rxe6 18. Qd4 h6 19. b5 Nd7 20. Qxf6 Nxf6 21. b6
axb6 22. cxb6 Nd7 23. Nd2 Nxb6 24. Rfb1 c5 25. Ra2 Ne7 26. Rab2 Rff6 27. Rb5 c4
28. Nf3 Nbc8 1/2-1/2

[Event "ENCI Limburg-open C"]
[Site "Maastricht"]
[Date "2012.05.27"]
[Round "4"]
[White "Hoornstra, Ischa"]
[Black "De Ridder, Yulian"]
[Result "0-1"]
[WhiteElo "983"]
[BlackElo "1137"]
[PlyCount "80"]
[EventDate "2012.05.25"]
[EventType "swiss"]
[EventRounds "7"]
[EventCountry "NED"]
[Source "P.Boonen"]
[SourceDate "2013.01.01"]

1. e4 e5 2. Nf3 Nc6 3. Bc4 Nf6 4. d3 Bc5 5. Be3 Bb6 6. Nc3 Nd4 7. Nxe5 O-O 8.
Nf3 Nxf3+ 9. Qxf3 c6 10. O-O-O d5 11. Qg3 dxc4 12. dxc4 Bxe3+ 13. Qxe3 Qb6 14.
Qg5 Qxf2 15. Rdf1 Qd4 16. h4 h6 17. Qf4 Qxc4 18. g4 Nxg4 19. Rhg1 Be6 20. Rf3
Qc5 21. Rxg4 Bxg4 22. Qxg4 g5 23. Qg3 f6 24. Re3 Qe5 25. Qh3 Qf4 26. Ne2 Qxh4
27. Qxh4 gxh4 28. Rh3 f5 29. Rxh4 fxe4 30. Rxh6 Rad8 31. b3 Rf2 32. Ng3 Re8 33.
Rd6 e3 34. Kd1 e2+ 35. Ke1 Rg2 36. Nxe2 Rexe2+ 37. Kd1 Rxc2 38. Rd8+ Kf7 39.
Rd3 Rxa2 40. Rf3+ Ke7 0-1

[Event "ENCI Limburg-open C"]
[Site "Maastricht"]
[Date "2012.05.27"]
[Round "4"]
[White "Jacobs, Tobias"]
[Black "Keetman, Sandra"]
[Result "1-0"]
[WhiteElo "1416"]
[BlackElo "1372"]
[PlyCount "81"]
[EventDate "2012.05.25"]
[EventType "swiss"]
[EventRounds "7"]
[EventCountry "NED"]
[Source "P.Boonen"]
[SourceDate "2013.01.01"]

1. e4 e5 2. Nf3 Nc6 3. Bc4 Bc5 4. c3 Nf6 5. d3 h6 6. O-O d6 7. d4 exd4 8. cxd4
Bb4 9. d5 Ne5 10. Nxe5 dxe5 11. Qa4+ Bd7 12. Qxb4 b6 13. Re1 a5 14. Qb3 O-O 15.
Qg3 Nh5 16. Qxe5 Nf6 17. Qg3 Nh5 18. Qb3 Qe7 19. Nc3 Qc5 20. Be2 Nf6 21. Be3
Qe7 22. f3 Rad8 23. Bf2 Nh5 24. Be3 Nf6 25. Rac1 Ra8 26. Red1 a4 27. Qc2 a3 28.
b3 Qb4 29. Nb1 Rfc8 30. Qc4 Qe7 31. Qd4 Be8 32. Rc2 Nd7 33. Bf4 Nc5 34. Nd2 Rd8
35. Qe3 Rac8 36. Rdc1 g5 37. Bg3 Rxd5 38. b4 Ba4 39. Rc3 Rcd8 40. Nc4 Na6 41.
exd5 1-0

[Event "ENCI Limburg-open C"]
[Site "Maastricht"]
[Date "2012.05.27"]
[Round "4"]
[White "Kaiser, Anton"]
[Black "Beukema, Constantijn"]
[Result "1-0"]
[WhiteElo "1192"]
[BlackElo "800"]
[PlyCount "37"]
[EventDate "2012.05.25"]
[EventType "swiss"]
[EventRounds "7"]
[EventCountry "NED"]
[Source "P.Boonen"]
[SourceDate "2013.01.01"]

1. e4 e5 2. Nf3 Nc6 3. Bb5 Nf6 4. d3 Bc5 5. Bg5 O-O 6. O-O h6 7. Bxf6 Qxf6 8.
Nc3 d6 9. Nd5 Qe6 10. Nxc7 Qd7 11. Nxa8 b6 12. c3 Bb7 13. Nxb6 axb6 14. b4
Bxf2+ 15. Rxf2 Qc8 16. Qe1 Ba6 17. a4 Bxb5 18. axb5 Na7 19. Rxa7 1-0

[Event "ENCI Limburg-open C"]
[Site "Maastricht"]
[Date "2012.05.27"]
[Round "4"]
[White "Kalkman de Koster, Franzke"]
[Black "Halfhide, Sebastian"]
[Result "1/2-1/2"]
[WhiteElo "1623"]
[BlackElo "1119"]
[PlyCount "69"]
[EventDate "2012.05.25"]
[EventType "swiss"]
[EventRounds "7"]
[EventCountry "NED"]
[Source "P.Boonen"]
[SourceDate "2013.01.01"]

1. d4 Nf6 2. c4 c5 3. Nf3 e6 4. a3 cxd4 5. Nxd4 Nc6 6. Nxc6 bxc6 7. Nc3 d5 8.
e3 Bd7 9. cxd5 cxd5 10. Be2 Be7 11. O-O O-O 12. Bd2 Qb6 13. b4 Rac8 14. Rb1 Qc7
15. a4 Bd6 16. g3 e5 17. Nb5 Qb8 18. Nxd6 Qxd6 19. b5 Bh3 20. Bb4 Qd7 21. Re1
Rfd8 22. f3 Be6 23. Ba5 Rf8 24. Qd2 Bf5 25. Rbc1 h5 26. Bc3 e4 27. Bxf6 gxf6
28. Qd4 Kg7 29. Rc5 Rxc5 30. Qxc5 Rc8 31. Qd4 Rc2 32. Qd1 Ra2 33. g4 exf3 34.
Bxf3 hxg4 35. Bxd5 1/2-1/2

[Event "ENCI Limburg-open C"]
[Site "Maastricht"]
[Date "2012.05.27"]
[Round "4"]
[White "Keetman, Stef"]
[Black "Orbons, Richard"]
[Result "0-1"]
[WhiteElo "1549"]
[BlackElo "1668"]
[PlyCount "64"]
[EventDate "2012.05.25"]
[EventType "swiss"]
[EventRounds "7"]
[EventCountry "NED"]
[Source "P.Boonen"]
[SourceDate "2013.01.01"]

1. e4 g6 2. d4 Bg7 3. Nc3 d6 4. Be3 Nf6 5. Qd2 O-O 6. Bh6 Bxh6 7. Qxh6 c5 8. d5
Nbd7 9. f3 a6 10. h4 Re8 11. Nh3 Nf8 12. g4 e5 13. h5 Qe7 14. O-O-O b5 15. Rd2
c4 16. Nd1 Kh8 17. Rdh2 Bxg4 18. hxg6 fxg6 19. Be2 Bh5 20. Nhf2 a5 21. Ng4 Bxg4
22. fxg4 Nxe4 23. Bf3 Qg5+ 24. Ne3 Qxh6 25. Rxh6 Ng5 26. Rf1 Nd7 27. Ng2 Rf8
28. Nh4 Rf6 29. Kd1 Kg7 30. Rh1 Nf8 31. Ke2 Nf7 32. g5 Nxg5 0-1

[Event "ENCI Limburg-open C"]
[Site "Maastricht"]
[Date "2012.05.27"]
[Round "4"]
[White "Klokgieters, Dick"]
[Black "Schleipfenbauer, Bent"]
[Result "1/2-1/2"]
[WhiteElo "1534"]
[BlackElo "1456"]
[PlyCount "58"]
[EventDate "2012.05.25"]
[EventType "swiss"]
[EventRounds "7"]
[EventCountry "NED"]
[Source "P.Boonen"]
[SourceDate "2013.01.01"]

1. d4 d5 2. g3 Nf6 3. Bg2 e6 4. c3 Nbd7 5. Nd2 Be7 6. Ngf3 c5 7. O-O O-O 8. Re1
b6 9. e4 dxe4 10. Nxe4 Nxe4 11. Rxe4 Bb7 12. Re1 Nf6 13. Bg5 cxd4 14. Qxd4 Bxf3
15. Bxf3 Qxd4 16. cxd4 Rac8 17. Rac1 h6 18. Bf4 Rfd8 19. Rxc8 Rxc8 20. Rc1
Rxc1+ 21. Bxc1 Bd6 22. Be3 Kf8 23. Kf1 Ke7 24. Ke2 Nd7 25. Kd3 e5 26. Kc4 exd4
27. Bxd4 Be5 28. Bc6 Bxd4 29. Kxd4 Nc5 1/2-1/2

[Event "ENCI Limburg-open C"]
[Site "Maastricht"]
[Date "2012.05.27"]
[Round "4"]
[White "Kroon, Mike"]
[Black "Mohr, Markus"]
[Result "1/2-1/2"]
[WhiteElo "1598"]
[BlackElo "1655"]
[PlyCount "54"]
[EventDate "2012.05.25"]
[EventType "swiss"]
[EventRounds "7"]
[EventCountry "NED"]
[Source "P.Boonen"]
[SourceDate "2013.01.01"]

1. e4 d5 2. d4 dxe4 3. Nc3 Bf5 4. f3 Nf6 5. Bg5 Nbd7 6. d5 a6 7. Qd2 exf3 8.
Nxf3 Ne4 9. Qf4 Nxg5 10. Nxg5 Bg6 11. Bd3 Nf6 12. O-O-O Qd6 13. Qa4+ Nd7 14.
Nb5 Qb6 15. Ne6 fxe6 16. Bxg6+ hxg6 17. dxe6 Qxb5 18. exd7+ Kd8 19. Qe4 Qc6 20.
Qf4 Qf6 21. Qe4 Qc6 22. Qf4 Qf6 23. Qe4 Rb8 24. Rhf1 Qc6 25. Qf4 Qf6 26. Qc4
Qg5+ 27. Kb1 e5 1/2-1/2

[Event "ENCI Limburg-open C"]
[Site "Maastricht"]
[Date "2012.05.27"]
[Round "4"]
[White "Kuiper, Adrian"]
[Black "Stiefel, Marika"]
[Result "1-0"]
[WhiteElo "1569"]
[BlackElo "1645"]
[PlyCount "101"]
[EventDate "2012.05.25"]
[EventType "swiss"]
[EventRounds "7"]
[EventCountry "NED"]
[Source "P.Boonen"]
[SourceDate "2013.01.01"]

1. d4 c5 2. e3 e6 3. c4 b5 4. cxb5 a6 5. Nc3 g6 6. Nf3 axb5 7. Bxb5 Ba6 8. Bxa6
Nxa6 9. O-O Bg7 10. Ne4 Qb6 11. dxc5 Nxc5 12. Nd6+ Ke7 13. Nc4 Qc7 14. Bd2 d5
15. Na3 Qb6 16. Rb1 Nh6 17. Nd4 Rhb8 18. Qc2 Ne4 19. Nc6+ Ke8 20. Nxb8 Rxb8 21.
Bc3 Rc8 22. Qa4+ Kf8 23. Bxg7+ Kxg7 24. Qd4+ Qxd4 25. exd4 Nd2 26. Rbc1 Rb8 27.
Rfd1 Rxb2 28. Nc2 Ne4 29. Rd3 Rxa2 30. f3 Nd6 31. Nb4 Ra4 32. Nc6 Nhf5 33. g4
Nh6 34. Rb3 Nc4 35. Rc2 Ra1+ 36. Kf2 Rh1 37. Kg3 Re1 38. Ra2 Rc1 39. Ra7 Nd2
40. Rd3 Nc4 41. Nd8 Nd6 42. Nxe6+ Kf6 43. Nf4 Rc2 44. Nxd5+ Ke6 45. Nc7+ Kf6
46. h4 Ng8 47. Re3 Kg7 48. Ne8+ Nxe8 49. Rxe8 Nf6 50. Ree7 Nd5 51. Rxf7+ 1-0

[Event "ENCI Limburg-open C"]
[Site "Maastricht"]
[Date "2012.05.27"]
[Round "4"]
[White "Lambrechts, Anne"]
[Black "Ulburghs, Piet"]
[Result "0-1"]
[WhiteElo "1410"]
[BlackElo "1650"]
[PlyCount "62"]
[EventDate "2012.05.25"]
[EventType "swiss"]
[EventRounds "7"]
[EventCountry "NED"]
[Source "P.Boonen"]
[SourceDate "2013.01.01"]

1. Nf3 c5 2. c4 e6 3. g3 d5 4. cxd5 exd5 5. e3 Nc6 6. Bg2 d4 7. d3 Be7 8. O-O
Nf6 9. Re1 O-O 10. Nbd2 Bg4 11. h3 Bh5 12. Kh2 Qc7 13. b3 Rad8 14. exd4 Nxd4
15. Bb2 Nc6 16. Nc4 b5 17. Nce5 Nd4 18. Rc1 Nxf3+ 19. Nxf3 Nd5 20. Bc3 a5 21.
d4 Nxc3 22. Rxc3 c4 23. Rce3 Bb4 24. R1e2 Bc5 25. Re4 c3 26. Rh4 Bxf3 27. Bxf3
Be7 28. Rhe4 Bf6 29. Rc2 b4 30. Qd3 Qd6 31. Rh4 Bxh4 0-1

[Event "ENCI Limburg-open C"]
[Site "Maastricht"]
[Date "2012.05.27"]
[Round "4"]
[White "Mollema, Henk"]
[Black "Dekens, Joop"]
[Result "1-0"]
[WhiteElo "1493"]
[BlackElo "1594"]
[PlyCount "69"]
[EventDate "2012.05.25"]
[EventType "swiss"]
[EventRounds "7"]
[EventCountry "NED"]
[Source "P.Boonen"]
[SourceDate "2013.01.01"]

1. e4 d6 2. d4 Nf6 3. Nc3 g6 4. f4 Bg7 5. Nf3 c5 6. dxc5 Qa5 7. Be2 Qxc5 8. Bd3
O-O 9. Qe2 Bd7 10. a3 a6 11. Be3 Qa5 12. O-O Nc6 13. h3 Nh5 14. Qe1 b5 15. Kh2
Rac8 16. Bd2 Qd8 17. g4 Nf6 18. f5 Ne8 19. g5 Ne5 20. Nd5 Nxd3 21. cxd3 Be5+
22. Kh1 Bxb2 23. Ba5 Nc7 24. Ra2 Be5 25. Rc2 gxf5 26. Nxe5 dxe5 27. Nxc7 Rxc7
28. Bxc7 Qa8 29. Bxe5 fxe4 30. dxe4 a5 31. Qh4 Rd8 32. Kh2 Rc8 33. Rcf2 Rc6 34.
Rxf7 Rc2+ 35. Kg3 1-0

[Event "ENCI Limburg-open C"]
[Site "Maastricht"]
[Date "2012.05.27"]
[Round "4"]
[White "Nissel, Andreas"]
[Black "Dijksman, Sebastiaan"]
[Result "0-1"]
[WhiteElo "1698"]
[BlackElo "1654"]
[PlyCount "48"]
[EventDate "2012.05.25"]
[EventType "swiss"]
[EventRounds "7"]
[EventCountry "NED"]
[Source "P.Boonen"]
[SourceDate "2013.01.01"]

1. d4 d5 2. e4 dxe4 3. Nc3 Nf6 4. f3 exf3 5. Qxf3 c6 6. Be3 Bg4 7. Qf2 e6 8.
Bc4 Bb4 9. Nge2 Nd5 10. O-O O-O 11. Ne4 Bf5 12. N2g3 Nxe3 13. Qxe3 Bg6 14. h3
Ba5 15. Rf3 Bb6 16. c3 Nd7 17. Ng5 h6 18. Nxf7 Bxf7 19. Rxf7 Rxf7 20. Bxe6 Nf6
21. Rf1 Kf8 22. Nf5 Re7 23. Nxh6 Qd6 24. Rxf6+ gxf6 0-1

[Event "ENCI Limburg-open C"]
[Site "Maastricht"]
[Date "2012.05.27"]
[Round "4"]
[White "Oxener, Aldo"]
[Black "Lammes, Pim"]
[Result "1/2-1/2"]
[WhiteElo "1513"]
[BlackElo "1613"]
[PlyCount "50"]
[EventDate "2012.05.25"]
[EventType "swiss"]
[EventRounds "7"]
[EventCountry "NED"]
[Source "P.Boonen"]
[SourceDate "2013.01.01"]

1. d4 d5 2. Nf3 Nc6 3. e3 Bg4 4. Nbd2 Nf6 5. Bd3 Nb4 6. Bb5+ c6 7. Be2 e6 8. a3
Na6 9. O-O Bd6 10. b3 Nc7 11. Bb2 O-O 12. Ne5 Bxe2 13. Qxe2 Nd7 14. f4 f5 15.
Rf3 Nxe5 16. dxe5 Be7 17. Rh3 g6 18. Rf1 Rf7 19. Rff3 Bh4 20. c4 a5 21. Bd4 Be7
22. Rfg3 Rg7 23. cxd5 cxd5 24. a4 Bh4 25. Rf3 Be7 1/2-1/2

[Event "ENCI Limburg-open C"]
[Site "Maastricht"]
[Date "2012.05.27"]
[Round "4"]
[White "Roemhild, Wolfgang"]
[Black "Kumpen, Jona"]
[Result "1-0"]
[WhiteElo "1691"]
[BlackElo "1490"]
[PlyCount "75"]
[EventDate "2012.05.25"]
[EventType "swiss"]
[EventRounds "7"]
[EventCountry "NED"]
[Source "P.Boonen"]
[SourceDate "2013.01.01"]

1. e4 Nc6 2. d4 e5 3. d5 Nce7 4. Nf3 Ng6 5. Bd3 Nf6 6. O-O Be7 7. c4 O-O 8. Nc3
Bb4 9. Ne2 d6 10. Ng3 Bd7 11. a3 Ba5 12. b4 Bb6 13. Kh1 a6 14. h3 Qc8 15. Kh2
Ba7 16. Ng1 Rb8 17. N1e2 b5 18. f4 bxc4 19. Bxc4 Re8 20. f5 Ne7 21. Nc3 Qd8 22.
Bg5 Nc8 23. Nh5 Kh8 24. Bh4 Bd4 25. Rc1 Nb6 26. Bd3 Ra8 27. g4 Bxc3 28. Rxc3
Na4 29. Rc2 Nb6 30. Rg2 Rg8 31. Nxf6 gxf6 32. Qd2 Qe7 33. Qh6 Qf8 34. Bxf6+ Rg7
35. g5 Rc8 36. g6 Kg8 37. gxh7+ Kh8 38. Rxg7 1-0

[Event "ENCI Limburg-open C"]
[Site "Maastricht"]
[Date "2012.05.27"]
[Round "4"]
[White "Schoffelen, Jan"]
[Black "Helsen, Roger"]
[Result "0-1"]
[WhiteElo "1359"]
[BlackElo "1556"]
[PlyCount "61"]
[EventDate "2012.05.25"]
[EventType "swiss"]
[EventRounds "7"]
[EventCountry "NED"]
[Source "P.Boonen"]
[SourceDate "2013.01.01"]

1. d4 d5 2. c4 e6 3. a3 Nf6 4. Nc3 Be7 5. Bf4 O-O 6. e3 c5 7. Nf3 Nc6 8. Be5
cxd4 9. exd4 Nd7 10. cxd5 exd5 11. Nxd5 Qa5+ 12. Nc3 Ncxe5 13. dxe5 Nxe5 14.
Nxe5 Qxe5+ 15. Be2 Rd8 16. Qc2 Bf5 17. Qb3 b6 18. O-O Bd6 19. g3 Qf6 20. Bf3
Rab8 21. Bg2 Bc5 22. Ne4 Bxe4 23. Bxe4 Rd2 24. Qf3 Qxb2 25. Bd5 Rxf2 26. Bxf7+
Kh8 27. Rxf2 Qxa1+ 28. Kg2 Bxf2 29. Kxf2 Qb2+ 30. Ke3 Qc3+ 31. Kf4 0-1

[Event "ENCI Limburg-open C"]
[Site "Maastricht"]
[Date "2012.05.27"]
[Round "4"]
[White "Slangen Knuit, Dien"]
[Black "Ousmane, Tijany"]
[Result "0-1"]
[WhiteElo "1117"]
[BlackElo "1519"]
[PlyCount "68"]
[EventDate "2012.05.25"]
[EventType "swiss"]
[EventRounds "7"]
[EventCountry "NED"]
[Source "P.Boonen"]
[SourceDate "2013.01.01"]

1. d4 Nf6 2. c4 e5 3. dxe5 Ng4 4. Nf3 Bc5 5. e3 Nc6 6. b3 Bb4+ 7. Nbd2 Ngxe5 8.
Be2 d6 9. O-O Bf5 10. Bb2 Qe7 11. Rc1 h5 12. a3 Bxd2 13. Qxd2 Nxf3+ 14. Bxf3
Ne5 15. Bxb7 Rb8 16. Bxe5 Rxb7 17. Bxg7 Rg8 18. Qd5 Be4 19. Qd4 c5 20. Qc3 Qg5
21. f3 Rxg7 22. g3 Bc6 23. Qd3 h4 24. g4 Bxf3 25. Rxf3 Qxg4+ 26. Rg3 hxg3 27.
h4 Qf3 28. Rc2 Rg4 29. Qxd6 Qxe3+ 30. Kg2 Qe4+ 31. Kg1 Rxh4 32. Qxg3 Rg4 33.
Re2 Qxe2 34. Qxg4 Qxg4+ 0-1

[Event "ENCI Limburg-open C"]
[Site "Maastricht"]
[Date "2012.05.27"]
[Round "4"]
[White "Swijsen, Willy"]
[Black "Dols, Jos"]
[Result "1/2-1/2"]
[WhiteElo "1567"]
[BlackElo "1571"]
[PlyCount "28"]
[EventDate "2012.05.25"]
[EventType "swiss"]
[EventRounds "7"]
[EventCountry "NED"]
[Source "P.Boonen"]
[SourceDate "2013.01.01"]

1. d4 Nf6 2. Nf3 g6 3. Nc3 Bg7 4. e4 d6 5. Be3 O-O 6. Qd2 a6 7. Bh6 b5 8. h4 b4
9. Bxg7 Kxg7 10. Nd5 Nxd5 11. exd5 a5 12. h5 Rh8 13. Qf4 f6 14. Qh4 Ba6 1/2-1/2

[Event "ENCI Limburg-open C"]
[Site "Maastricht"]
[Date "2012.05.27"]
[Round "4"]
[White "Uiterwijk, Jos"]
[Black "Overtoom, Reinier"]
[Result "1/2-1/2"]
[WhiteElo "1577"]
[BlackElo "1705"]
[PlyCount "31"]
[EventDate "2012.05.25"]
[EventType "swiss"]
[EventRounds "7"]
[EventCountry "NED"]
[Source "P.Boonen"]
[SourceDate "2013.01.01"]

1. e4 c5 2. Nf3 d6 3. d4 cxd4 4. Nxd4 Nf6 5. Nc3 g6 6. Be2 Bg7 7. Be3 O-O 8.
O-O Nc6 9. Qd2 Bd7 10. f3 Rc8 11. Nxc6 bxc6 12. Rfd1 Qc7 13. Bc4 Rfd8 14. a3
Rb8 15. Rab1 Be8 16. Qf2 1/2-1/2

[Event "ENCI Limburg-open C"]
[Site "Maastricht"]
[Date "2012.05.27"]
[Round "4"]
[White "Valembois, Pierre"]
[Black "Van Rossum, Pia"]
[Result "0-1"]
[WhiteElo "1316"]
[BlackElo "1616"]
[PlyCount "78"]
[EventDate "2012.05.25"]
[EventType "swiss"]
[EventRounds "7"]
[EventCountry "NED"]
[Source "P.Boonen"]
[SourceDate "2013.01.01"]

1. b4 e6 2. a3 Nf6 3. e3 g6 4. Bb2 Bg7 5. Nc3 O-O 6. Bd3 d6 7. Nge2 b6 8. Nb5
Bb7 9. a4 Nc6 10. c3 Ng4 11. Ned4 Nce5 12. Qc2 Bxg2 13. Be4 Bxh1 14. Bxh1 d5
15. O-O-O Nxf2 16. Bxd5 exd5 17. Re1 Nfd3+ 18. Kd1 Nf2+ 19. Kc1 Ned3+ 20. Kb1
Nxe1 21. Qb3 Bxd4 22. Nxd4 Qg5 23. c4 Ned3 24. Ba1 Qg1+ 25. Ka2 Nc1+ 26. Ka3
Nxb3 27. Nxb3 dxc4 28. b5 cxb3 29. Bb2 Nd3 30. h4 Nxb2 31. d4 Nc4+ 32. Kb4 b2
33. Kxc4 Qxe3 34. h5 Rad8 35. d5 Qc5+ 36. Kd3 Rxd5+ 37. Ke2 Re8+ 38. Kf3 Qe3+
39. Kg4 Re4# 0-1

[Event "ENCI Limburg-open C"]
[Site "Maastricht"]
[Date "2012.05.27"]
[Round "4"]
[White "Van Dael, Siem"]
[Black "Kroon, Joppe"]
[Result "0-1"]
[WhiteElo "1127"]
[BlackElo "1053"]
[PlyCount "108"]
[EventDate "2012.05.25"]
[EventType "swiss"]
[EventRounds "7"]
[EventCountry "NED"]
[Source "P.Boonen"]
[SourceDate "2013.01.01"]

1. e4 g6 2. Nf3 Bg7 3. Bc4 c5 4. O-O d6 5. d3 Nf6 6. Nc3 O-O 7. Be3 Nc6 8. Qd2
Bd7 9. h3 a6 10. a4 Rc8 11. Rad1 Re8 12. Rfe1 e6 13. b3 Qe7 14. d4 cxd4 15.
Nxd4 Red8 16. Nf3 d5 17. exd5 exd5 18. Bxd5 Be6 19. Qe2 Nxd5 20. Nxd5 Bxd5 21.
c4 Bxf3 22. Qxf3 Qe8 23. Bd4 Qf8 24. Bb6 Rxd1 25. Rxd1 Qe7 26. Qg4 Re8 27. Rd7
Qe1+ 28. Kh2 Ne5 29. Qd1 Nxd7 30. Qxd7 Be5+ 31. g3 Bg7 32. Qxb7 Re6 33. Qxa6
Qxf2+ 34. Bxf2 Rxa6 35. c5 Kf8 36. b4 Rxa4 37. b5 Ke8 38. b6 Kd8 39. b7 Kc7 40.
c6 Ra6 41. Bc5 Rxc6 42. Bd6+ Rxd6 43. b8=Q+ Kxb8 44. g4 Rd3 45. h4 h5 46. g5
Kc7 47. Kg2 Kd6 48. Kh2 Ke5 49. Kg2 Kf4 50. Kh2 Kg4 51. Kg2 Rd2+ 52. Kf1 Kf3
53. Ke1 Rd8 54. Kf1 Rd1# 0-1

[Event "ENCI Limburg-open C"]
[Site "Maastricht"]
[Date "2012.05.27"]
[Round "4"]
[White "Van Ginneken, Jos"]
[Black "De Coninck, Erik"]
[Result "1-0"]
[WhiteElo "1566"]
[BlackElo "1389"]
[PlyCount "83"]
[EventDate "2012.05.25"]
[EventType "swiss"]
[EventRounds "7"]
[EventCountry "NED"]
[Source "P.Boonen"]
[SourceDate "2013.01.01"]

1. e4 c6 2. d4 d5 3. e5 Bf5 4. Bd3 Bg6 5. Bxg6 hxg6 6. Nf3 e6 7. Be3 Qb6 8. b3
Nd7 9. Ng5 Nh6 10. h4 Nf5 11. Qf3 Bb4+ 12. c3 Be7 13. g3 O-O 14. Nd2 c5 15. Qg4
Qa5 16. Nb1 cxd4 17. Bxd4 Rac8 18. O-O Bc5 19. b4 Qc7 20. bxc5 Nxe5 21. Bxe5
Qxe5 22. Qb4 Qc7 23. a4 Qe7 24. c6 Rxc6 25. Qxe7 Nxe7 26. Rc1 Rfc8 27. Nf3 Nf5
28. Ra3 a6 29. Nbd2 b5 30. axb5 axb5 31. Rb3 Rb8 32. g4 Nd6 33. Ne5 Rc7 34. f3
b4 35. Nd3 Nc4 36. Nxc4 Rxc4 37. Rxb4 Rbxb4 38. cxb4 Rd4 39. Rc3 e5 40. Nxe5
Rxb4 41. Rc8+ Kh7 42. Nxf7 1-0

[Event "ENCI Limburg-open C"]
[Site "Maastricht"]
[Date "2012.05.27"]
[Round "4"]
[White "Veelenturf, Wim"]
[Black "Hoferichter, Michael"]
[Result "1-0"]
[WhiteElo "1690"]
[BlackElo "1188"]
[PlyCount "105"]
[EventDate "2012.05.25"]
[EventType "swiss"]
[EventRounds "7"]
[EventCountry "NED"]
[Source "P.Boonen"]
[SourceDate "2013.01.01"]

1. e4 e6 2. d4 d5 3. Nc3 dxe4 4. Nxe4 Nc6 5. Nf3 Nf6 6. Ng3 h6 7. c3 Bd6 8. Bb5
Bd7 9. Qe2 Bxg3 10. hxg3 a6 11. Ba4 Ne7 12. Bc2 Bc6 13. Bd2 Ng4 14. Rh4 Nf6 15.
O-O-O Ng6 16. Bxg6 Bxf3 17. Qxe6+ Qe7 18. Bxf7+ Kf8 19. Qxe7+ Kxe7 20. gxf3
Kxf7 21. Re1 Rhe8 22. Rhh1 Rad8 23. Rxe8 Rxe8 24. Re1 Rxe1+ 25. Bxe1 c6 26. Kd2
h5 27. Ke2 b5 28. Bd2 Nd5 29. Kd3 Kg6 30. Ke4 Kf6 31. f4 g6 32. f3 Ne7 33. Be1
g5 34. fxg5+ Kxg5 35. Ke5 Nf5 36. Bf2 a5 37. d5 cxd5 38. Kxd5 h4 39. gxh4+ Kf4
40. Kc5 Kxf3 41. Bd4 b4 42. Bf6 bxc3 43. bxc3 Ke4 44. Kb5 Kd5 45. h5 a4 46.
Kxa4 Kc4 47. Bd4 Ne7 48. h6 Ng6 49. h7 Kd5 50. h8=Q Nxh8 51. Bxh8 Kc4 52. a3
Kc5 53. Kb3 1-0